Fast Fashion Brands - Statistics

General Stats
  • This quiz has been taken 51 times
  • The average score is 4 of 10
Answer Stats
ranked worst in sustainability produces in answer % Correct
5 China, Bangladesh H&M
87%
1 Singapore, China Shein
80%
2 Spain, Portugal Zara
78%
3 China, South-East-Asia Temu
40%
10 Vietnam, Indonesia, China Nike
33%
4 Bangladesh, China, Korea Primark
27%
7 China, India, Bangladesh Urban Outfitters
18%
8 China, India, Turkey ASOS
11%
6 India, Pakistan, Vietnam Free People
4%
9 China Cider
0%
No matching quizzes found
Score Distribution
Percent of People with Each Score
Percentile by Number Answered
Your Score History
You have not taken this quiz